Bird life /

Bibliographic Details
Main Author: Armstrong, Edward Allworthy
Format: Book
Language:English
Published: New York : Oxford University Press, 1950.
Subjects:

MARC

Tag First Indicator Second Indicator Subfields
LEADER 00000cam a2200000 4500
001 in00000046568
005 20151007073257.0
008 730116s1950 nyua 00000 eng u
010 |a  50007039  
035 |a (OCoLC)00537915 
035 |9 AAE9440AM 
040 |c OUN  |d TXA  |d UtOrBLW 
049 |a TXAM  |c [179616] 
050 0 |a QL676  |b .A68 1950 
092 |a 598.2  |b A735bi 
100 1 |a Armstrong, Edward Allworthy. 
245 1 0 |a Bird life /  |c Drawings by E. A. R. Ennion. 
264 1 |a New York :  |b Oxford University Press,  |c 1950. 
300 |a ix, 152 pages :  |b illustrations ;  |c 23 cm. 
336 |a text  |b txt  |2 rdacontent 
337 |a unmediated  |b n  |2 rdamedia 
338 |a volume  |b nc  |2 rdacarrier 
650 0 |a Birds. 
999 |a MARS 
999 f f |s b204666c-48df-3543-95ef-04c09a4500a7  |i f8ecf1d0-6a10-3b67-ac22-1036c3ad5727  |t 0 
952 f f |p ric  |a Texas A&M University  |b Rellis Campus  |c Joint Library Facility  |d Remote Storage  |t 0  |e QL676 .A68 1950  |h Library of Congress classification  |i unmediated -- volume  |m A14801020254 
998 f f |a QL676 .A68 1950  |t 0  |l Remote Storage